ARRUPE JESUIT UNIVERSITY

CORONAVIRUS -STOP THE SPREAD - CLEAN,DISINFECT,COVER

Church dogmatics / (Record no. 123562)

MARC details
000 -LEADER
fixed length control field 02077cam a2200481 a 4500
001 - CONTROL NUMBER
control field 13495752
003 - CONTROL NUMBER IDENTIFIER
control field ARRUPE
005 - DATE AND TIME OF LATEST TRANSACTION
control field 20151020150947.0
008 - FIXED-LENGTH DATA ELEMENTS--GENERAL INFORMATION
fixed length control field 040220m20049999enk b 001 0 eng
010 ## - LIBRARY OF CONGRESS CONTROL NUMBER
LC control number 2004269730
020 ## - INTERNATIONAL STANDARD BOOK NUMBER
International Standard Book Number 0567050599 (pbk.) (v. 1, pt. 1)
020 ## - INTERNATIONAL STANDARD BOOK NUMBER
International Standard Book Number 0567051692 (pbk.) (v. 2, pt. 1)
020 ## - INTERNATIONAL STANDARD BOOK NUMBER
International Standard Book Number 056705179X (pbk.) (v. 2, pt. 2)
020 ## - INTERNATIONAL STANDARD BOOK NUMBER
International Standard Book Number 0567050793 (pbk.) (v. 3, pt. 1)
020 ## - INTERNATIONAL STANDARD BOOK NUMBER
International Standard Book Number 0567050890 (pbk.) (v. 3, pt. 2)
020 ## - INTERNATIONAL STANDARD BOOK NUMBER
International Standard Book Number 0567050998 (pbk.) (v. 3, pt. 3)
020 ## - INTERNATIONAL STANDARD BOOK NUMBER
International Standard Book Number 0567051099 (pbk.) (v. 3, pt. 4)
020 ## - INTERNATIONAL STANDARD BOOK NUMBER
International Standard Book Number 0567051293 (pbk.) (v. 4, pt. 1)
020 ## - INTERNATIONAL STANDARD BOOK NUMBER
International Standard Book Number 0567051390 (pbk.) (v. 4, pt. 2)
020 ## - INTERNATIONAL STANDARD BOOK NUMBER
International Standard Book Number 0567051897 (pbk.) (v. 4, pt. 3.1)
020 ## - INTERNATIONAL STANDARD BOOK NUMBER
International Standard Book Number 0567051498 (pbk.) (v. 4, pt. 3.2)
020 ## - INTERNATIONAL STANDARD BOOK NUMBER
International Standard Book Number 0567051595 (pbk.) (v. 4, pt. 4)
020 ## - INTERNATIONAL STANDARD BOOK NUMBER
International Standard Book Number 0567051196 (pbk.) (Index)
040 ## - CATALOGING SOURCE
Original cataloging agency DLC
Transcribing agency DLC
Modifying agency DLC
041 1# - LANGUAGE CODE
Language code of text/sound track or separate title eng
Language code of original and/or intermediate translations of text ger
050 00 - LIBRARY OF CONGRESS CALL NUMBER
Classification number BT75.3
Item number .B3713 2004
300 ## - PHYSICAL DESCRIPTION
Dimensions 22 cm.
100 1# - MAIN ENTRY--PERSONAL NAME
Personal name Barth, Karl,
Dates associated with a name 1886-1968.
9 (RLIN) 12885
240 10 - UNIFORM TITLE
Uniform title <a href="Kirchliche Dogmatik.">Kirchliche Dogmatik.</a>
245 10 - TITLE STATEMENT
Title Church dogmatics /
Statement of responsibility, etc Karl Barth ; translator, G.W. Bromiley ; editors, G.W. Bromiley, T.F. Torrance.
250 ## - EDITION STATEMENT
Edition statement 1st pbk. ed.
260 ## - PUBLICATION, DISTRIBUTION, ETC. (IMPRINT)
Place of publication, distribution, etc London ;
-- New York :
Name of publisher, distributor, etc T. & T. Clark International,
Date of publication, distribution, etc c2004-
300 ## - PHYSICAL DESCRIPTION
Extent v. <I.1, II.1-2, III.1-4, IV.1-4, index > ;
500 ## - GENERAL NOTE
General note Translator(s) vary from volume to volume.
500 ## - GENERAL NOTE
General note "A Continuum imprint."
504 ## - BIBLIOGRAPHY, ETC. NOTE
Bibliography, etc Includes bibliographical references and indexes.
505 1# - FORMATTED CONTENTS NOTE
Formatted contents note v. 1, pt. 1. The doctrine of the word of God -- v. 2, pt. 1-2. The doctrine of God -- v. 3, pt. 1-4. The doctrine of creation -- v. 4, pt. 1-4. The doctrine of reconciliation -- [v. 5] Index volume with aids for the preacher.
650 #0 - SUBJECT ADDED ENTRY--TOPICAL TERM
Topical term or geographic name as entry element Theology, Doctrinal.
9 (RLIN) 20388
700 1# - ADDED ENTRY--PERSONAL NAME
Personal name Bromiley, Geoffrey William.
9 (RLIN) 20389
700 1# - ADDED ENTRY--PERSONAL NAME
Personal name Torrance, Thomas F.
Fuller form of name (Thomas Forsyth),
Dates associated with a name 1913-2007.
9 (RLIN) 20390
906 ## - LOCAL DATA ELEMENT F, LDF (RLIN)
a 7
b cbc
c origcop
d 2
e ncip
f 20
g y-gencatlg
942 ## - ADDED ENTRY ELEMENTS (KOHA)
Source of classification or shelving scheme Library of Congress Classification
Koha item type Monograph ( Printed materials)

No items available.

 

Arrupe Library. PO Box MP320 Mt Pleasant, Harare, Zimbabwe
263 242 745411|librarian@aju.ac.zw